QuizKnockの『【賞金あり】YouTuber対抗クイズ大会!伊沢に勝ったら100万円!』に参加選手として登場したYouTuber - Statistics

General Stats
  • This quiz has been taken 20 times
  • The average score is 3 of 8
Answer Stats
Answer % Correct
ケムリ
61%
ダ・ヴィンチ・恐山
61%
平成フラミンゴ
56%
SUSURU
50%
タケヤキ翔
44%
どば師匠
33%
おしら
33%
なるねぇ
6%
No matching quizzes found
Score Distribution
Percent of People with Each Score
Percentile by Number Answered
Your Score History
You have not taken this quiz